000 00687nam a22002177a 4500
003 UA-OsUOA
001 131388
007 ta
008 20180604b un ||||| |||| 00| 0 ukr d
100 _aБойко-Блохін Ю.
090 _a82
_bБ77
942 _cSA
040 _aUA-OsUOA
_bukr
_cUA-OsUOA
_dUA-OsUOA
245 _aСпалений роман. "Собор" Олеся Гончара - література з України (перклад з нім. Людмили Тавровської)
300 _aС.32-35
955 _a0
041 _aukr
080 _a82
773 0 _w131385
650 7 _a82 Література. Літературознавство
_2UDC
999 _c420079
_d420079